书目信息 |
| 题名: |
超临界流体技术-原理和应用
|
|
| 作者: | 朱自强 编著 | |
| 分册: | ||
| 出版信息: | 北京 化学工业出版社 2000 |
|
| 页数: | 660 | |
| 开本: | 20cm | |
| 丛书名: | ||
| 单 册: | ||
| 中图分类: | TQ021.1 | |
| 科图分类: | ||
| 主题词: | 化工过程:物理过程 , 化工过程:物理化学过程 , 化工过程 | |
| 电子资源: | ||
| ISBN: | 7-5025-2614-5 | |
| 000 | 00627nam0 2200205 450 | |
| 001 | 0754114953 | |
| 005 | 20070929150154.95 | |
| 010 | @a7-5025-2614-5 | |
| 100 | @a20070929d km y0chiy0120 ea | |
| 101 | 0 | @achi |
| 200 | 1 | @a超临界流体技术-原理和应用@Achao lin jie liu ti ji shu-yuan li he ying yong@f朱自强 编著@Fzhu zi qiang bian zhu |
| 210 | @a北京@c化学工业出版社@d2000 | |
| 215 | @a660@c插图@d20cm | |
| 606 | 0 | @a化工过程:物理过程 |
| 606 | 0 | @a化工过程:物理化学过程 |
| 606 | 0 | @a化工过程 |
| 690 | @aTQ021.1@v3 | |
| 701 | 0 | @a朱自强@Azhu zi qiang@4编著 |
| 801 | 0 | @aCN@bPFT@c20070929 |
| 905 | @a213230@dTQ021.1@eh35@f1 | |
| 超临界流体技术-原理和应用/朱自强 编著.-北京:化学工业出版社,2000 |
| 660:插图;20cm |
| ISBN 7-5025-2614-5: |
| ● |
| 相关链接 |
|
|
|
|
正题名:超临界流体技术-原理和应用
索取号:TQ021.1/h35
 
预约/预借
| 序号 | 登录号 | 条形码 | 馆藏地/架位号 | 状态 | 备注 |
| 1 | 6000604 | 260006040 | 密集书库-化学系/ [索取号:TQ021.1/h35] | 在馆 |